Films de Jean-Jacques Annaud par images - Statistiques

Statistiques générales
  • Ce quiz a été pris 24 fois
  • Le résultat moyen est 7 sur 15
Statistiques - réponses
Par images Hint Réponse % Correct
1986 Le Nom de la rose
91%
1988 L'Ours
83%
1997 Sept Ans au Tibet
78%
1981 La Guerre du feu
70%
1992 L'Amant
65%
1979 Coup de tête
57%
2001 Stalingrad
57%
2004 Deux Frères
52%
2022 Notre-Dame brûle
48%
2011 Or noir
26%
1995 Guillaumet, les ailes du courage
22%
1976 La Victoire en chantant
22%
2018 (minisérie) La Vérité sur l'affaire Harry Quebert
17%
2015 Le Dernier Loup
17%
2007 Sa Majesté Minor
17%
Aucun quiz correspondant
Distribution des résultats
% des personnes avec chaque résultat
Percentile par nombre de réponses
Votre historique - résultats
Vous n’avez pas pris ce quiz